[Event "Titled Tuesday intern op 09th Aug Early"]
[Site "Chess.com INT"]
[Date "2022.08.09"]
[Round "5"]
[White "Dev, Shah"]
[Black "Vasquez Schroder, Rodrigo Rafael"]
[Result "0-1"]
[WhiteElo "2297"]
[BlackElo "2506"]
[PlyCount "136"]
[EventDate "2022.08.09"]
[EventType "swiss (blitz)"]
[EventRounds "11"]
[EventCountry "USA"]
[SourceTitle "EXT 2023"]
[Source "ChessBase"]
[SourceDate "2022.10.05"]
[SourceVersion "1"]
[SourceVersionDate "2022.10.05"]
[SourceQuality "1"]

1. d4 d5 2. c4 c6 3. Nf3 Nf6 4. g3 dxc4 5. Bg2 g6 6. 0-0 Bg7 7. a4 Ne4 8. Qc2 Nd6 9. e4 0-0 10. Na3 Na6 11. Nxc4 Nb4 12. Qc3 a5 13. Nxd6 exd6 14. Bf4 Re8 15. Rfe1 Bg4 16. h3 Bxf3 17. Bxf3 Qb6 18. Rad1 Rad8 19. Qd2 c5 20. Be3 cxd4 21. Bxd4 Bxd4 22. Qxd4 Qxd4 23. Rxd4 Nc2 24. Red1 Nxd4 25. Rxd4 Kf8 26. b4 Re5 27. bxa5 Rxa5 28. Rb4 Rd7 29. Be2 d5 30. Bb5 Rd8 31. Rd4 Ke7 32. exd5 Kd6 33. Rh4 h5 34. Rf4 f5 35. g4 Ke5 36. Rb4 hxg4 37. hxg4 Rxd5 38. gxf5 gxf5 39. Be8 Ra7 40. Bh5 Rd4 41. Rb5+ Kf6 42. a5 Ra4 43. Bf3 R4xa5 44. Rxa5 Rxa5 45. Bxb7 Ke5 46. Kg2 Kf4 47. Bf3 Ra7 48. Bd5 Rd7 49. Bc6 Rd6 50. Bb7 Rg6+ 51. Kf1 Rb6 52. Ba8 Ke5 53. Kg2 Ra6 54. Bb7 Ra7 55. Bc6 Rg7+ 56. Kf3 Rh7 57. Ba8 Ra7 58. Bc6 Ra6 59. Bb7 Rb6 60. Ba8 Rb8 61. Bc6 Kd6 62. Ba4 Rb4 63. Be8 Rc4 64. Kg2 Ke5 65. Bh5 Rc3 66. Bf3 Rc7 67. Ba8 Kf4 68. Bf3 Rg7+ 0-1

[Event "Titled Tuesday intern op 09th Aug Early"]
[Site "Chess.com INT"]
[Date "2022.08.09"]
[Round "10"]
[White "Rohit, Krishna S"]
[Black "Dev, Shah"]
[Result "1-0"]
[WhiteElo "2358"]
[BlackElo "2297"]
[PlyCount "167"]
[EventDate "2022.08.09"]
[EventType "swiss (blitz)"]
[EventRounds "11"]
[EventCountry "USA"]
[SourceTitle "EXT 2023"]
[Source "ChessBase"]
[SourceDate "2022.10.05"]
[SourceVersion "1"]
[SourceVersionDate "2022.10.05"]
[SourceQuality "1"]

1. e4 e5 2. Nf3 Nc6 3. Bc4 Bc5 4. 0-0 Nf6 5. d4 Bxd4 6. Nxd4 Nxd4 7. f4 d6 8. fxe5 dxe5 9. Bg5 Be6 10. Na3 h6 11. Bxf6 gxf6 12. c3 Nc6 13. Bxe6 Qxd1 14. Raxd1 fxe6 15. Rxf6 Ke7 16. Rf3 Rad8 17. Rdf1 Rh7 18. Rg3 Rd2 19. Rf2 Rd1+ 20. Rf1 Rd2 21. Nc4 Re2 22. Re3 Rxe3 23. Nxe3 Rf7 24. Re1 b6 25. g3 Nb8 26. Ng4 Nd7 27. Nxh6 Rg7 28. Rf1 Nf6 29. h3 Rxg3+ 30. Kh2 Rd3 31. Rg1 Rd2+ 32. Kh1 Nxe4 33. Rg7+ Kd6 34. Nf7+ Kd5 35. b3 Nf2+ 36. Kg2 Ne4+ 37. Kf3 Nxc3 38. Nd8 e4+ 39. Kg3 Ne2+ 40. Kg4 Ke5 41. Nc6+ Kf6 42. Rxc7 Rc2 43. Rc8 Rxa2 44. Rf8+ Kg7 45. Re8 Rc2 46. Rxe6 Nc1 47. Nd4 Rc3 48. b4 Nd3 49. b5 Nc5 50. Re7+ Kf6 51. Rxa7 Rd3 52. Nf5 Rd1 53. Ne3 Rd2 54. Nc4 Rg2+ 55. Kf4 Rf2+ 56. Kg3 Rf3+ 57. Kg4 Rb3 58. Nxb6 Rxb5 59. Nd5+ Ke5 60. Nf4 Rb1 61. Ne2 Re1 62. Ng3 Rg1 63. Re7+ Ne6 64. h4 Kd6 65. Rf7 e3 66. Kh3 Nd4 67. Rf4 e2 68. Rxd4+ Ke5 69. Nxe2 Re1 70. Rd2 Rf1 71. Ng3 Rf3 72. Re2+ Kf6 73. Kg4 Ra3 74. h5 Ra4+ 75. Re4 Ra5 76. Rf4+ Kg7 77. Rf5 Ra3 78. Ne4 Ra1 79. Rg5+ Kh8 80. Re5 Rg1+ 81. Kf5 Rf1+ 82. Kg6 Rf8 83. Re7 Ra8 84. Nf6 1-0

[Event "Titled Tuesday intern op 09th Aug Early"]
[Site "Chess.com INT"]
[Date "2022.08.09"]
[Round "2"]
[White "Thiel, Thomas"]
[Black "Dev, Shah"]
[Result "0-1"]
[WhiteElo "2230"]
[BlackElo "2297"]
[PlyCount "82"]
[EventDate "2022.08.09"]
[EventType "swiss (blitz)"]
[EventRounds "11"]
[EventCountry "USA"]
[SourceTitle "EXT 2023"]
[Source "ChessBase"]
[SourceDate "2022.10.05"]
[SourceVersion "1"]
[SourceVersionDate "2022.10.05"]
[SourceQuality "1"]

1. e4 e5 2. Nf3 Nc6 3. d4 exd4 4. Nxd4 Nf6 5. Nxc6 bxc6 6. e5 Qe7 7. Qe2 Nd5 8. h4 a5 9. g3 Ba6 10. c4 f6 11. exf6 Nxf6 12. Nc3 Qxe2+ 13. Bxe2 Bb4 14. Bd2 0-0 15. 0-0-0 Rae8 16. Rhe1 d5 17. a3 Bc5 18. cxd5 Bxe2 19. Rxe2 cxd5 20. Rxe8 Rxe8 21. Bg5 c6 22. Bxf6 gxf6 23. Rd2 Kf7 24. Nd1 Bf8 25. Kc2 Bh6 26. f4 Re1 27. Nf2 Rg1 28. Rd3 Rg2 29. Rf3 Bf8 30. Kb3 Bc5 31. Nd3 Bg1 32. Ka4 Ke6 33. Kxa5 Kf5 34. b4 Ke4 35. Ne1 Bf2 36. Nxg2 Kxf3 37. Ka6 Kxg2 38. Kb7 c5 39. bxc5 Bxc5 40. a4 d4 41. Kc6 Ba7 0-1

[Event "Budapest Vezerkepzo Summer IM"]
[Site "Budapest"]
[Date "2022.07.30"]
[Round "3"]
[White "Leszko, Bence"]
[Black "Dev, Shah"]
[Result "1/2-1/2"]
[WhiteElo "2241"]
[BlackElo "2292"]
[PlyCount "70"]
[EventDate "2022.07.28"]
[EventType "tourn"]
[EventRounds "9"]
[EventCountry "HUN"]
[SourceTitle "CBM 209 Extra"]
[Source "ChessBase"]
[SourceDate "2022.09.30"]
[SourceVersion "1"]
[SourceVersionDate "2022.09.30"]
[SourceQuality "1"]

1. d4 d5 2. c4 c6 3. Nf3 Nf6 4. Nc3 e6 5. Bg5 Nbd7 6. e3 h6 7. Bh4 Be7 8. Be2 0-0 9. Qc2 b6 10. 0-0 Bb7 11. Rfd1 Rc8 12. Rac1 Nh5 13. Bxe7 Qxe7 14. Ne5 Nhf6 15. cxd5 exd5 16. Nxd7 Nxd7 17. Bg4 Rce8 18. Bxd7 Qxd7 19. Ne2 Re4 20. Ng3 Re6 21. Qa4 a5 22. Qb3 Qd8 23. Qd3 Qa8 24. Nh5 Ba6 25. Qc2 Rfe8 26. Nf4 Rd6 27. Nd3 Ree6 28. a3 Bb5 29. Ne5 f6 30. Ng6 a4 31. Qf5 Qe8 32. Nf4 Re4 33. Rc2 Ba6 34. Qh3 g5 35. Ne2 Bxe2 1/2-1/2

[Event "Budapest Vezerkepzo Summer IM"]
[Site "Budapest"]
[Date "2022.07.29"]
[Round "2"]
[White "Dev, Shah"]
[Black "Pein, Jonathan"]
[Result "0-1"]
[WhiteElo "2292"]
[BlackElo "2252"]
[PlyCount "78"]
[EventDate "2022.07.28"]
[EventType "tourn"]
[EventRounds "9"]
[EventCountry "HUN"]
[SourceTitle "CBM 209 Extra"]
[Source "ChessBase"]
[SourceDate "2022.09.30"]
[SourceVersion "1"]
[SourceVersionDate "2022.09.30"]
[SourceQuality "1"]

1. d4 d5 2. c4 c6 3. Nf3 e6 4. g3 dxc4 5. Bg2 b5 6. 0-0 Nd7 7. b3 cxb3 8. Qxb3 Bb7 9. Rd1 Ngf6 10. Ne5 Qc8 11. Bg5 Nxe5 12. dxe5 Nd7 13. Nc3 a6 14. Ne4 c5 15. Qe3 h6 16. Bh4 g5 17. Rxd7 Kxd7 18. Qd2+ Bd5 19. Nf6+ Kc7 20. Nxd5+ exd5 21. Qxd5 Ra7 22. Qc6+ Kb8 23. Qb6+ Rb7 24. Bxb7 Qxb7 25. Qd8+ Ka7 26. Qf6 Rg8 27. Rd1 Be7 28. Qxf7 Rd8 29. Rb1 gxh4 30. a4 h3 31. e4 Qd7 32. Re1 b4 33. f4 Rc8 34. Kf1 c4 35. e6 Qd3+ 36. Re2 Rc7 37. Qf5 c3 38. Qe5 Qd1+ 39. Kf2 Bc5+ 0-1

[Event "Budapest Vezerkepzo Summer IM"]
[Site "Budapest"]
[Date "2022.07.28"]
[Round "1"]
[White "Dev, Shah"]
[Black "Szalanczy, Emil"]
[Result "1-0"]
[WhiteElo "2292"]
[BlackElo "2042"]
[PlyCount "69"]
[EventDate "2022.07.28"]
[EventType "tourn"]
[EventRounds "9"]
[EventCountry "HUN"]
[SourceTitle "CBM 209 Extra"]
[Source "ChessBase"]
[SourceDate "2022.09.30"]
[SourceVersion "1"]
[SourceVersionDate "2022.09.30"]
[SourceQuality "1"]

1. d4 Nf6 2. c4 g6 3. Nc3 d5 4. cxd5 Nxd5 5. e4 Nxc3 6. bxc3 Bg7 7. Bc4 c5 8. Ne2 Nc6 9. Be3 0-0 10. 0-0 Qc7 11. Rc1 b6 12. h4 Bb7 13. h5 Rad8 14. Ng3 Ne5 15. Be2 Nd7 16. h6 Bh8 17. f4 Nf6 18. Bf3 e6 19. Qe2 Rfe8 20. Qf2 Rc8 21. Rcd1 cxd4 22. cxd4 Red8 23. Rfe1 Qc2 24. Rd2 Qa4 25. Red1 Re8 26. d5 exd5 27. e5 Ne4 28. Nxe4 dxe4 29. Bg4 f5 30. exf6 Bxf6 31. Bd7 Qa3 32. Bxe8 Rxe8 33. Rd6 Be7 34. Re6 Bc8 35. Rxe4 1-0

[Event "Titled Tuesday intern op 26th Jul Early"]
[Site "Chess.com INT"]
[Date "2022.07.26"]
[Round "4"]
[White "Demin, Vladimir"]
[Black "Dev, Shah"]
[Result "1-0"]
[WhiteElo "2430"]
[BlackElo "2292"]
[PlyCount "95"]
[EventDate "2022.07.26"]
[EventType "swiss (blitz)"]
[EventRounds "11"]
[EventCountry "USA"]
[SourceTitle "EXT 2023"]
[Source "ChessBase"]
[SourceDate "2022.10.05"]
[SourceVersion "1"]
[SourceVersionDate "2022.10.05"]
[SourceQuality "1"]

1. d4 d5 2. Nc3 Nf6 3. Bf4 e6 4. e3 Bd6 5. Nge2 c6 6. Qd2 b6 7. 0-0-0 Bb7 8. Rg1 Na6 9. g4 Qe7 10. g5 Nd7 11. e4 0-0-0 12. a3 b5 13. e5 Bb8 14. Na2 Nb6 15. Nec3 Nc7 16. Bd3 a5 17. b4 axb4 18. axb4 Na6 19. Nb1 Na4 20. c3 Bc7 21. Bc2 Nb6 22. Bb3 g6 23. Kb2 Kd7 24. Nc1 Ra8 25. Nd3 Ra7 26. Na3 Rha8 27. Nc2 Nc4+ 28. Bxc4 bxc4 29. Nc1 Bb6 30. h4 Nc7 31. h5 Nb5 32. Rh1 Ra6 33. hxg6 hxg6 34. Rh7 Rf8 35. Rdh1 Qd8 36. Bg3 Qe7 37. Rg7 Raa8 38. Rhh7 Bd8 39. Bh4 Nc7 40. Qf4 Ne8 41. Rxf7 Rxf7 42. Rxf7 Ba6 43. Rxe7+ Bxe7 44. Qf7 Nc7 45. Qxg6 Rf8 46. Qh5 Ne8 47. g6 Ng7 48. Qg4 1-0

[Event "Titled Tuesday intern op 26th Jul Late"]
[Site "Chess.com INT"]
[Date "2022.07.26"]
[Round "4"]
[White "Dev, Shah"]
[Black "Kovacevic, Radmila"]
[Result "0-1"]
[WhiteElo "2292"]
[BlackElo "2113"]
[PlyCount "66"]
[EventDate "2022.07.26"]
[EventType "swiss (blitz)"]
[EventRounds "11"]
[EventCountry "USA"]
[SourceTitle "EXT 2023"]
[Source "ChessBase"]
[SourceDate "2022.10.05"]
[SourceVersion "1"]
[SourceVersionDate "2022.10.05"]
[SourceQuality "1"]

1. d4 e5 2. dxe5 Nc6 3. Nf3 Qe7 4. Nbd2 Nxe5 5. Nxe5 Qxe5 6. Nf3 Qf6 7. g3 Bb4+ 8. c3 Bc5 9. Bg2 h6 10. 0-0 d6 11. b4 Bb6 12. a4 a5 13. Bd2 Ne7 14. Qc2 d5 15. Bf4 0-0 16. Qd2 Rd8 17. Nd4 axb4 18. Nb5 c6 19. Nc7 bxc3 20. Qc1 Ra5 21. Qa3 g5 22. Qb4 c5 23. Be5 cxb4 24. Bxf6 Bxc7 25. Bxe7 b3 26. Bxd8 Bxd8 27. Ra3 Be6 28. Rxb3 d4 29. Rxb7 Bf6 30. Rb8+ Kg7 31. Ra8 Rc5 32. Be4 Bd5 33. Bd3 Bxa8 0-1

[Event "Titled Tuesday intern op 26th Jul Early"]
[Site "Chess.com INT"]
[Date "2022.07.26"]
[Round "3"]
[White "Dev, Shah"]
[Black "Makovec, Bruno"]
[Result "0-1"]
[WhiteElo "2292"]
[BlackElo "2258"]
[PlyCount "48"]
[EventDate "2022.07.26"]
[EventType "swiss (blitz)"]
[EventRounds "11"]
[EventCountry "USA"]
[SourceTitle "EXT 2023"]
[Source "ChessBase"]
[SourceDate "2022.10.05"]
[SourceVersion "1"]
[SourceVersionDate "2022.10.05"]
[SourceQuality "1"]

1. d4 Nf6 2. c4 e6 3. g3 d5 4. Bg2 Be7 5. Nf3 0-0 6. 0-0 dxc4 7. Qa4 a6 8. Qxc4 b5 9. Qc2 Bb7 10. Bd2 Be4 11. Qc1 c6 12. a4 Nbd7 13. Nc3 Bg6 14. Ne5 Nxe5 15. dxe5 Nd5 16. axb5 axb5 17. Nxd5 cxd5 18. Rxa8 Qxa8 19. Qc7 Re8 20. Qd7 Bf8 21. Rc1 b4 22. Bf3 b3 23. Rc7 Re7 24. Ra7 Qxa7 0-1